MARC

LEADER 00000nam0a2200000 4500
001 185426
005 20231031172911.0
010 |a 5250013163 
020 |a RU  |b 90-73207 
035 |a (RuTPU)RU\TPU\book\201128 
090 |a 185426 
100 |a 20101009d1991 m y0rusy5003 ca 
101 0 |a rus 
102 |a RU 
105 |a y z 000zy 
200 1 |a Зовет король портного  |e О предупреждении преступлений : Очерки  |f К. А. Столяров 
210 |a Москва  |c Политиздат  |d 1991 
215 |a 237,[2] с.  |d 17 см 
610 1 |a преступления 
610 1 |a уголовное право 
610 1 |a уголовное судопроизводство 
610 1 |a уголовные дела 
610 1 |a уголовные преступления 
610 1 |a предупреждение 
610 1 |a правосудие 
686 |a Х628.3  |2 rubbk 
700 1 |a Столяров  |b К. А.  |g Кирилл Анатольевич  |4 070 
801 0 |a RU  |b RuMRKP  |c 19950417  |g psbo 
801 1 |a RU  |b 63413507  |c 20101009 
801 2 |a RU  |b 63413507  |c 20110204  |g RCR 
942 |c BK